Narabedla

Sábháilte in:
Sonraí bibleagrafaíochta
Príomhchruthaitheoir: Federik Pohl
Formáid: LEABHAR
Teanga:Teanga Anaithnid nó Neamhbhailí
Foilsithe / Cruthaithe: Sperling & Kupper
Clibeanna: Cuir clib leis
Níl clibeanna ann, Bí ar an gcéad duine le clib a chur leis an taifead seo!

MARC

LEADER 00000nam a2200000Ia 4500
001 R-1755
003 CODICE-MESSINA
005 20260212102512.0
008 260211s9999 xx 000 0 und d
040 |c importazione_messina 
100 |a Federik Pohl 
245 0 |a Narabedla 
260 |b Sperling & Kupper 
942 |2 ddc  |c BK 
952 |0 0  |1 0  |2 ddc  |4 0  |6 SCAFFALE_18_000000000000000__STANZA_2__LTTERATURA  |7 0  |9 32596  |a ME  |b ME  |d 2026-02-11  |l 0  |o SCAFFALE 18 - STANZA 2 - LTTERATURA  |p R-1755  |r 2026-02-11 23:53:17  |w 2026-02-11  |x [REVISIONARE]  |y BK 
999 |c 28263  |d 28263